On This Day: July 25th Quiz Stats

 Plays Quiz Updated Jul 25, 2017

Support Sporcle.
Go Orange.
Score 0/7 Timer 03:00
1 Play Today
Question Answer Wrong Answers
The United States invades this Spanish colony, which is now a US commonwealth.
1898
Puerto Rico
79.9%
Guam
15.1%
Samoa
2.4%
Midway Atoll
1.1%
The First Sino-Japanese War begins when the Japanese fire upon a ______ warship.
1894
Chinese
79.6%
Korean
11.7%
Vietnamese
5.3%
Cambodian
3.3%
Israel and this bordering country sign the Washington Declaration, formally ending the state of war that had existed between the nations since 1948.
1994
Jordan
71.1%
Iran
7.1%
Iraq
5.2%
Saudi Arabia
11.4%
Sir Robert Borden introduces the first ______ tax in Canada as a ‘temporary’ measure.
1917
Income
63.2%
Sales
18.3%
Property
7.7%
Tobacco
8.3%
President Richard Nixon declares the ______, stating that the United States now expects its Asian allies to take care of their own military defense.
1969
Nixon Doctrine
54%
Vietnam Rule
11.4%
Overseas Agenda
14.5%
Vietnam Agenda
15.7%
The Viking 1 spacecraft takes this famous photo, which seems to depict a ______ on Mars.
1976
Face
39.3%
Series of Canals
19.5%
Lake
29.9%
Pyramid
6.5%
This English chemist, who made contributions to the understanding of the molecular structure of DNA, is born.
1920
Rosalind Franklin
20.9%
James Watson
55.1%
Marie Curie
7.1%
Linus Pauling
13.6%

You're not logged in!

Compare scores with friends on all Sporcle quizzes.
OR
Log In
Forgot?

From the Vault

NBA Finals MVPs for Multiple Franchises

by aw15

It's important to recognize the most valuable members of the team.
Remove Ads.
Support Sporcle.
Get the best of Sporcle when you Go Orange. This ad-free experience offers more features, more stats, and more fun while also helping to support Sporcle. Thank you for becoming a member.

Show Comments

Extras

Top Quizzes Today


Score Distribution

Your Account Isn't Verified!

In order to create a playlist on Sporcle, you need to verify the email address you used during registration. Go to your Sporcle Settings to finish the process.

Report this User

Report this user for behavior that violates our Community Guidelines.

Details: